| 000 | 00366nam a2200133Ia 4500 | ||
|---|---|---|---|
| 008 | 210210b1975 xxu||||| |||| 00| 0 eng d | ||
| 082 | _a320.531 ENGA | ||
| 100 | _aENGELS. | ||
| 245 | _aAnti diihring: Herr Eugen Diihring's revolution in science. | ||
| 260 |
_aMoscow _bProgress Publishers _c1975 |
||
| 300 | _a493 | ||
| 690 | _aPolitical Thought | ||
| 906 | _aSG02086 | ||
| 999 |
_c113514 _d113514 |
||